[Event "2016 ASTC Secondary Open"]
[Site "Wesley College WA"]
[Date "2016.12.04"]
[Round "4"]
[White "Willathgamuwa, Kevin (NSW)"]
[Black "Slater-Jones, Tom (QLD)"]
[Result "0-1"]
[WhiteElo "1932"]
[BlackElo "2048"]

1. Nf3 d5 2. c4 c6 3. g3 Nf6 4. Bg2 Bf5 5. b3 e6 6. Bb2 h6 7. d3 Be7 8. O-O O-O
9. Nbd2 a5 10. a3 Na6 11. Bc3 Bh7 12. Re1 b5 13. b4 axb4 14. axb4 bxc4 15. dxc4
Nxb4 16. Qb3 Rb8 17. Be5 Bd6 18. Qc3 Nc2 19. Rec1 Nxa1 20. Rxa1 Bxe5 21. Nxe5
Qb6 22. Qa3 Qb2 23. Ndf3 Qxa1+ 24. Qxa1 Rb1+ 25. Qxb1 Bxb1 26. cxd5 cxd5 27.
Nd4 Rc8 28. Nec6 Kf8 29. Bf3 Be4 30. Kg2 Bxf3+ 31. Kxf3 Nd7 32. Na5 Rc5 33.
Nab3 Rc3+ 34. e3 e5 0-1

[Event "2016 ASTC Secondary Open"]
[Site "Wesley College WA"]
[Date "2016.12.04"]
[Round "4"]
[White "Li, Raymond (NSW)"]
[Black "Yang, Thomas (QLD)"]
[Result "1/2-1/2"]
[WhiteElo "1589"]
[BlackElo "1252"]

1. e4 e5 2. Nf3 Nc6 3. Bc4 Bc5 4. b4 Bxb4 5. c3 Bd6 6. d4 Nf6 7. O-O O-O 8. Bg5
Re8 9. Nbd2 exd4 10. cxd4 Be7 11. Ne5 d5 12. exd5 Nxe5 13. dxe5 Nxd5 14. Bxe7
Nxe7 15. Qb3 Rf8 16. Rad1 Nc6 17. Qg3 Qe7 18. f4 Bf5 19. Qf2 Rad8 20. Rfe1 Nd4
21. Ne4 Qb4 22. Bd3 Ne6 23. Nf6+ gxf6 24. Bxf5 Qxf4 25. Qxf4 Nxf4 26. exf6 Nd5
27. Be4 Nxf6 28. Bxb7 Rxd1 29. Rxd1 Re8 30. Kf2 Ne4+ 31. Kf3 Nd6 32. Bd5 Kg7
33. Rc1 Re5 34. Bc6 Ra5 35. Rc2 Nf5 36. Ke4 Nd6+ 37. Kd4 Kf6 1/2-1/2

[Event "2016 ASTC Secondary Open"]
[Site "Wesley College WA"]
[Date "2016.12.04"]
[Round "4"]
[White "Yuan, Ziqi (ACT)"]
[Black "Gregoric, Peter (SA)"]
[Result "1-0"]
[WhiteElo "1587"]
[BlackElo "1836"]

1. b4 e6 2. Bb2 Nf6 3. a3 c5 4. bxc5 Bxc5 5. e3 d5 6. Nf3 O-O 7. c4 Nc6 8. d4
Bd6 9. Nc3 Qa5 10. Bd3 dxc4 11. Bxc4 Qh5 12. Qc2 a6 13. Bd3 Bd7 14. Ne4 Nxe4
15. Bxe4 f5 16. Bd3 Rac8 17. Qd2 b5 18. Rc1 g5 19. d5 Ne7 20. dxe6 Bxe6 21. Be2
Rfd8 22. Rxc8 Bxc8 23. Qd4 Kf8 24. Qh8+ Ng8 25. Qg7+ Ke8 26. Ne5 Qg6 27. Nxg6
hxg6 28. Qxg8+ Kd7 29. Qf7+ Kc6 30. Bf3+ Kb6 31. Bd4+ Ka5 32. Qb3 b4 33. Bc6
Bc5 34. Bxc5 Rd1+ 35. Kxd1 Be6 36. Qa4# 1-0

[Event "2016 ASTC Secondary Open"]
[Site "Wesley College WA"]
[Date "2016.12.04"]
[Round "4"]
[White "Franco, James (QLD)"]
[Black "Xu, Brendan (NSW)"]
[Result "0-1"]
[WhiteElo "693"]
[BlackElo "1504"]

1. e4 c5 2. c3 d5 3. exd5 Qxd5 4. Nf3 Nf6 5. d4 Nc6 6. dxc5 Qxd1+ 7. Kxd1 Ng4
8. Ke1 Bf5 9. h3 Nge5 10. Nxe5 Nxe5 11. Bb5+ Nc6 12. Ke2 O-O-O 13. Bxc6 bxc6
14. Rd1 Rxd1 15. Kxd1 e6 16. Be3 Be7 17. Na3 Rd8+ 18. Ke1 Bd3 19. Rc1 e5 20.
Nc2 a5 21. a4 f5 22. f3 f4 23. Bf2 e4 24. fxe4 Bxe4 25. b4 Bxg2 26. bxa5 Rd5
27. Nb4 Re5+ 28. Kd2 Bxc5 29. Bxc5 Rxc5 30. a6 Ra5 31. Re1 Kd7 32. Ke2 Rxa4 33.
Kf2 Bxh3 34. a7 Rxa7 35. Re7+ Kxe7 36. Nxc6+ Kd6 37. Nxa7 Kc5 38. Kf3 g5 39. c4
Bd7 0-1

[Event "2016 ASTC Secondary Open"]
[Site "Wesley College WA"]
[Date "2016.12.04"]
[Round "4"]
[White "Zhong, Tony (QLD)"]
[Black "Willathgamuwa, Rowan (NSW)"]
[Result "0-1"]
[WhiteElo "1989"]
[BlackElo "1829"]

1. e4 c5 2. Nf3 d6 3. Bb5+ Bd7 4. Bxd7+ Qxd7 5. c4 e5 6. d3 g6 7. Nc3 Bg7 8. a3
Nc6 9. Bd2 Nge7 10. h4 h6 11. Nd5 Nxd5 12. cxd5 Nd4 13. Nxd4 cxd4 14. h5 g5 15.
g4 O-O 16. a4 Rfc8 17. f3 Rc7 18. Ke2 Rac8 19. Qb3 Bf6 20. Rhc1 Bd8 21. Rc4
Rxc4 22. dxc4 a5 23. Kd3 b6 24. Qb5 Qxb5 25. cxb5 Kf8 26. b4 Ke7 27. Rb1 axb4
28. Bxb4 Kd7 29. Ra1 Ra8 30. Kc4 Rc8+ 31. Kb3 Ra8 32. Rc1 f6 33. Rc6 Bc7 34.
Bxd6 Bxd6 35. Rxb6 Rc8 36. a5 Rc3+ 37. Kb2 Ba3+ 38. Kb1 d3 39. Rc6 d2 40. Rxc3
d1=Q+ 41. Ka2 Qd2+ 42. Kb3 Qb2+ 43. Kc4 Bb4 44. Rd3 Bxa5 0-1

[Event "2016 ASTC Secondary Open"]
[Site "Wesley College WA"]
[Date "2016.12.04"]
[Round "4"]
[White "Vearncombe, Sebastian (WA)"]
[Black "Dias, Douglas (VIC)"]
[Result "0-1"]
[WhiteElo "674"]
[BlackElo "1148"]

1. Nf3 Nf6 2. c4 d5 3. g3 c6 4. Bg2 Bg4 5. b3 e6 6. Bb2 Nbd7 7. O-O Bd6 8. d3
O-O 9. Nbd2 Qe7 10. a3 h6 11. Ra2 Rfe8 12. Qa1 e5 13. e4 d4 14. b4 a5 15. c5
Bc7 16. Nc4 Be6 17. Nfd2 b5 18. cxb6 Bxb6 19. bxa5 Bxa5 20. Qc1 Nc5 21. Qc2
Bxd2 22. Qxd2 Bxc4 23. dxc4 Nfxe4 24. Qe2 f5 25. g4 Qg5 26. f3 Nd2 27. Rd1 Qe3+
28. Qxe3 dxe3 29. Bc1 Ncb3 30. f4 e4 31. gxf5 e2 32. Re1 Nf3+ 33. Bxf3 exf3 34.
Kf2 Nd4 35. Be3 Nxf5 36. Bc5 Ra5 37. Bb6 Ra6 38. Bc5 Ra4 39. Kxf3 Rxc4 40. Bb4
Re3+ 41. Kf2 Rxf4+ 42. Kg2 Nh4+ 43. Kh1 Rf1+ 44. Rxf1 exf1=Q# 0-1

[Event "2016 ASTC Secondary Open"]
[Site "Wesley College WA"]
[Date "2016.12.04"]
[Round "4"]
[White "Han, Denny (SA)"]
[Black "Archer, Saffron (ACT)"]
[Result "1-0"]
[WhiteElo "1733"]
[BlackElo "1438"]

1. e4 e6 2. d3 d5 3. Nd2 c5 4. Ngf3 Nc6 5. g3 g6 6. Bg2 Bg7 7. O-O Nge7 8. Re1
b6 9. c3 a5 10. e5 Qc7 11. Qe2 g5 12. Nxg5 Qxe5 13. f4 Qxe2 14. Rxe2 Ba6 15.
Re1 Bxd3 16. Ndf3 h6 17. Nh3 Rd8 18. Nf2 Ba6 19. Ne5 Nxe5 20. fxe5 Nc6 21. Bf4
Rd7 22. a3 Bb7 23. Bf1 c4 24. b3 cxb3 25. Rab1 Bf8 26. Ng4 Kd8 27. Nf6 Rc7 28.
Be3 Bc5 29. Bxc5 bxc5 30. Rxb3 Ke7 31. Ng4 h5 32. Nf2 h4 33. Ng4 d4 34. c4 Rg8
35. Rb5 1-0

[Event "2016 ASTC Secondary Open"]
[Site "Wesley College WA"]
[Date "2016.12.04"]
[Round "4"]
[White "Kong-Lim, Qi Le (SA)"]
[Black "Hathiramani, Dillon (ACT)"]
[Result "0-1"]
[WhiteElo "1912"]
[BlackElo "1835"]

1. e4 c5 2. c3 d5 3. exd5 Qxd5 4. d4 Nc6 5. Nf3 Bg4 6. Be2 Nf6 7. h3 Bh5 8. c4
Qd6 9. d5 Bxf3 10. Bxf3 Nd4 11. O-O g6 12. Be3 Nf5 13. Nc3 Nxe3 14. fxe3 Bh6
15. Qd3 a6 16. a3 O-O 17. Rab1 Qe5 18. Rfe1 Rab8 19. b4 b6 20. Rbd1 Rfd8 21.
Kf2 Qd6 22. b5 a5 23. Bg4 Bg7 24. Kf1 Nxg4 25. hxg4 Qf6+ 26. Kg1 Qxc3 27. Qe4
Qe5 28. Qf3 0-1

[Event "2016 ASTC Secondary Open"]
[Site "Wesley College WA"]
[Date "2016.12.04"]
[Round "5"]
[White "Hathiramani, Dillon (ACT)"]
[Black "Willathgamuwa, Kevin (NSW)"]
[Result "1/2-1/2"]
[WhiteElo "1835"]
[BlackElo "1932"]

1. Nf3 Nf6 2. c4 g6 3. b3 Bg7 4. Bb2 O-O 5. g3 b6 6. Bg2 Bb7 7. O-O c5 8. Nc3
d5 9. Nxd5 Nxd5 10. Bxg7 Kxg7 11. cxd5 Qxd5 12. d4 Na6 13. Nh4 Qd7 14. dxc5
Qxd1 15. Rfxd1 Bxg2 16. Nxg2 1/2-1/2

[Event "2016 ASTC Secondary Open"]
[Site "Wesley College WA"]
[Date "2016.12.04"]
[Round "5"]
[White "Xu, Brendan (NSW)"]
[Black "Tan, Wallace (ACT)"]
[Result "1-0"]
[WhiteElo "1504"]
[BlackElo "1182"]

1. e4 c5 2. c3 Nc6 3. d4 cxd4 4. cxd4 e6 5. Nf3 d6 6. Nc3 Nf6 7. Be3 a6 8. Be2
b6 9. O-O Bb7 10. d5 exd5 11. exd5 Ne7 12. Bc4 g6 13. Bg5 Bg7 14. Qd4 Nh5 15.
Qh4 f6 16. Bd2 f5 17. Bg5 h6 18. Bxe7 Qxe7 19. Rae1 Be5 20. Nxe5 Qxh4 21. Nxg6+
Kf7 22. Nxh4 Ng7 23. Re2 Rhe8 24. Rfe1 Rxe2 25. Rxe2 b5 26. Bb3 Kf6 27. f3 Rc8
28. Kf2 Rc7 29. g3 Bc8 30. Ng2 Bd7 31. Nf4 Rc8 32. Ne6 Ne8 33. Nf8 1-0

[Event "2016 ASTC Secondary Open"]
[Site "Wesley College WA"]
[Date "2016.12.04"]
[Round "5"]
[White "Yang, Thomas (QLD)"]
[Black "Chan, Kris (VIC)"]
[Result "0-1"]
[WhiteElo "1252"]
[BlackElo "2200"]

1. e4 e6 2. d4 d5 3. exd5 exd5 4. Nf3 Bd6 5. Bd3 Bg4 6. O-O Ne7 7. Re1 Nbc6 8.
c3 Qd7 9. Bg5 f6 10. Bh4 O-O-O 11. Nbd2 g5 12. Bg3 h5 13. Nf1 h4 14. Bxd6 Qxd6
15. Ne3 Bd7 16. Nd2 f5 17. Ndf1 g4 18. Qc2 Rdf8 19. Be2 g3 20. h3 f4 21. Ng4
gxf2+ 22. Kxf2 Nf5 23. Bf3 Ncxd4 24. cxd4 Nxd4 25. Qc3 Qb6 26. Nge3 fxe3+ 27.
Nxe3 Nxf3 0-1

[Event "2016 ASTC Secondary Open"]
[Site "Wesley College WA"]
[Date "2016.12.04"]
[Round "5"]
[White "Archer, Saffron (ACT)"]
[Black "Li, Raymond (NSW)"]
[Result "1/2-1/2"]
[WhiteElo "1438"]
[BlackElo "1589"]

1. e4 d5 2. exd5 Nf6 3. d4 Bg4 4. f3 Bf5 5. c4 e6 6. Nc3 exd5 7. Bd3 Bxd3 8.
Qxd3 dxc4 9. Qxc4 Bd6 10. Nge2 O-O 11. O-O Nbd7 12. Bf4 Nb6 13. Qd3 c6 14. Rfd1
Bxf4 15. Nxf4 Nbd5 16. Nfxd5 Nxd5 17. Nxd5 Qxd5 18. b3 Rfd8 19. Rac1 Qa5 20.
Rc2 Rd5 21. Rcd2 Rad8 22. Qe3 g6 23. a4 Qb4 24. Rd3 Kg7 25. Kf2 R8d6 26. Qd2
Qb6 27. Qc3 a5 28. Kf1 1/2-1/2

[Event "2016 ASTC Secondary Open"]
[Site "Wesley College WA"]
[Date "2016.12.04"]
[Round "5"]
[White "Herrmann, Oscar (SA)"]
[Black "Vearncombe, Sebastian (WA)"]
[Result "1-0"]
[WhiteElo "1595"]
[BlackElo "674"]

1. d4 d5 2. c4 c6 3. Nf3 Nf6 4. Nc3 e6 5. Bg5 Be7 6. e3 Nbd7 7. cxd5 exd5 8.
Bd3 O-O 9. Qc2 h6 10. Bh4 Nh5 11. Bxe7 Qxe7 12. O-O Qe6 13. b4 a6 14. Na4 f5
15. Rab1 f4 16. e4 dxe4 17. Bc4 exf3 18. Bxe6+ Kh8 19. gxf3 Ne5 20. dxe5 Bxe6
21. Rbd1 Rf5 22. Nc5 Rg5+ 23. Kh1 Bh3 24. Rg1 Ng3+ 25. fxg3 fxg3 26. Rxg3 Rxe5
27. Rxh3 Rae8 28. Ne4 1-0

[Event "2016 ASTC Secondary Open"]
[Site "Wesley College WA"]
[Date "2016.12.04"]
[Round "5"]
[White "Sannidhanam, Anuray (VIC)"]
[Black "Franco, James (QLD)"]
[Result "1-0"]
[WhiteElo "1768"]
[BlackElo "693"]

1. Nf3 Nf6 2. g3 d5 3. Bg2 Bf5 4. d3 e6 5. O-O h6 6. Nbd2 c6 7. Re1 Be7 8. a3
Nbd7 9. e4 dxe4 10. dxe4 Bg4 11. h3 Bh5 12. e5 Nd5 13. c4 N5b6 14. b3 O-O 15.
Qc2 Bg6 16. Qc3 Re8 17. Ne4 f6 18. Bf4 Bxe4 19. Rxe4 fxe5 20. Bxe5 Nxe5 21.
Nxe5 Bf6 22. Qc2 Qd6 23. c5 Qb8 24. Rae1 Bxe5 25. Rxe5 Nd5 26. Bxd5 cxd5 27.
Rxe6 Rxe6 28. Rxe6 Qc7 29. b4 Qf7 30. Qe2 Rf8 31. Re7 Qf3 32. Qxf3 Rxf3 33. Re3
Rxe3 34. fxe3 Kf7 35. Kf2 Ke6 36. b5 a6 37. c6 Kd6 38. cxb7 1-0

[Event "2016 ASTC Secondary Open"]
[Site "Wesley College WA"]
[Date "2016.12.04"]
[Round "5"]
[White "Willathgamuwa, Rowan (NSW)"]
[Black "Yuan, Ziqi (ACT)"]
[Result "1-0"]
[WhiteElo "1829"]
[BlackElo "1587"]

1. Nf3 d5 2. g3 Nf6 3. Bg2 c6 4. O-O Bf5 5. c4 e6 6. d4 Nbd7 7. cxd5 cxd5 8.
Nc3 a6 9. Nh4 Bg6 10. Nxg6 hxg6 11. Bg5 Be7 12. Rc1 O-O 13. Bxf6 Nxf6 14. Qb3
b5 15. Rfd1 Qd7 16. e4 dxe4 17. Nxe4 Nxe4 18. Bxe4 Rac8 19. Rxc8 Rxc8 20. d5
Rd8 21. Rd3 Qb7 22. Bf3 Qd7 23. Rd1 e5 24. Be4 Bc5 25. d6 Kh7 26. h4 Qg4 27.
Bc2 Bd4 28. h5 Rxd6 29. hxg6+ fxg6 30. Kg2 Qe6 31. Rh1+ Kg8 32. Qf3 Qf6 33.
Qa8+ Kf7 34. Qb7+ Qe7 35. Bb3+ Kf6 36. Qf3+ Kg5 37. Qe4 Qd7 38. f4+ 1-0

[Event "2016 ASTC Secondary Open"]
[Site "Wesley College WA"]
[Date "2016.12.04"]
[Round "5"]
[White "Cannon, David (VIC)"]
[Black "Zhong, Tony (QLD)"]
[Result "1-0"]
[WhiteElo "2089"]
[BlackElo "1989"]

1. e4 c5 2. c3 Nf6 3. e5 Nd5 4. d4 cxd4 5. Nf3 e6 6. cxd4 d6 7. Bc4 a6 8. O-O
Be7 9. Bd2 O-O 10. Nc3 Nxc3 11. Bxc3 b5 12. Bd3 Bb7 13. Qe2 Nd7 14. b3 Rc8 15.
Rac1 Qb6 16. Bb2 Rfd8 17. Bb1 Nf8 18. Rxc8 Rxc8 19. Nd2 Ng6 20. Ne4 dxe5 21.
dxe5 Bd5 22. Qh5 h6 23. Nf6+ Bxf6 24. exf6 Nf4 25. Qg4 g5 26. g3 Ng6 27. h4 Qb7
28. hxg5 Bf3 29. Qh3 h5 30. Bxg6 Bg4 31. Bxf7+ Kxf7 32. Qh4 Rc2 33. Bc1 Kg6 34.
a3 b4 35. axb4 Qxb4 36. Qh1 Qxb3 37. Qe4+ Bf5 38. Qa8 e5 39. Qf8 Be6 40. Qh6+
Kf5 41. Qh7+ 1-0

[Event "2016 ASTC Secondary Open"]
[Site "Wesley College WA"]
[Date "2016.12.04"]
[Round "5"]
[White "Slater-Jones, Tom (QLD)"]
[Black "Dale, Ari (VIC)"]
[Result "0-1"]
[WhiteElo "2048"]
[BlackElo "2379"]

1. d4 Nf6 2. c4 g6 3. Nc3 d5 4. Nf3 Bg7 5. Qb3 dxc4 6. Qxc4 O-O 7. e4 a6 8. Qb3
Nc6 9. Be3 Ng4 10. Rd1 Nxe3 11. fxe3 e5 12. d5 Ne7 13. a4 Qd6 14. Nd2 Bg4 15.
Be2 Bxe2 16. Nxe2 b5 17. axb5 axb5 18. O-O Qb6 19. g4 Nc8 20. Ng3 Nd6 21. h4
Ra4 22. Ra1 Rfa8 23. Rxa4 bxa4 24. Qxb6 cxb6 25. Rc1 b5 26. Kf2 b4 27. Ke2 a3
28. bxa3 bxa3 29. Ra1 a2 30. Kd1 Bf8 31. Kc2 Nb5 32. Kb2 Bb4 33. Rxa2 Rxa2+ 34.
Kxa2 Bxd2 35. Kb3 Bxe3 36. h5 Nd6 37. hxg6 hxg6 38. Kb4 Kf8 39. Nf1 Bf4 40. Kc5
Nxe4+ 41. Kc6 Ke7 0-1